Elements for AP Chem Scrambled - Statistics

General Stats
  • This quiz has been taken 30 times
  • The average score is 42 of 50
Answer Stats
Element Symbol Answer % Correct
Ar Argon
100%
N Nitrogen
100%
Xe Xenon
100%
Al Aluminum
95%
C Carbon
95%
Cl Chlorine
95%
F Fluorine
95%
Au Gold
95%
He Helium
95%
H Hydrogen
95%
Mg Magnesium
95%
S Sulfur
95%
Ca Calcium
94%
Co Cobalt
94%
Cu Copper
94%
Pb Lead
94%
O Oxygen
94%
K Potassium
94%
Zn Zinc
94%
Ba Barium
93%
Si Silicon
93%
Fe Iron
91%
Li Lithium
91%
Ag Silver
91%
B Boron
90%
Be Beryllium
89%
Br Bromine
89%
I Iodine
88%
Kr Krypton
88%
Mn Manganese
88%
Ne Neon
88%
Y Yttrium
88%
Fr Francium
86%
Sc Scandium
86%
Ga Gallium
84%
Na Sodium
83%
V Vanadium
83%
Hg Mercury
82%
P Phosphorus
82%
Ra Radium
82%
Ti Titanium
82%
As Arsenic
81%
U Uranium
81%
Ge Germanium
79%
Pd Palladium
77%
Cs Cesium
76%
Cr Chromium
76%
Pt Platinum
76%
Zr Zirconium
76%
Ni Nickel
75%
Sr Strontium
75%
Sn Tin
75%
Rb Rubidium
74%
In Indium
73%
Rn Radon
70%
Se Selenium
70%
Mo Molybdenum
68%
Cd Cadmium
67%
Nb Niobium
65%
Rh Rhodium
65%
Pu Plutonium
58%
Sb Antimony
53%
Ru Ruthenium
53%
Tc Technetium
53%
Te Tellurium
53%
No matching quizzes found
Score Distribution
Percent of People with Each Score
Percentile by Number Answered
Your Score History
You have not taken this quiz